000 00445nam a22001577a 4500
005 20251027111644.0
008 251027b |||||||| |||| 00| 0 eng d
050 _aRT31
_b.N953
245 _aA History of Nursing
_cedited by Lavinia L. Dock
250 _aVolume IV
260 _aNew York
_aLondon
_bG. P. Putman's Sons
_c1912
300 _avii. 338p.
_bill.
_c20.5cm
500 _aincludes index
700 _aDock, Lavinia L.
942 _2lcc
_cBK
_n0
999 _c7807
_d7807